000 00412nam a2200181Ia 4500
001 4231
005 20260306145740.0
008 260306t2014||||xx |||||||||||||| ||spa||
041 _aESP
082 _a320.011
_bS735
100 _aSen, Amartya
_eAUT
245 0 _aLa idea de la justicia
260 _c2014
300 _a499 páginas :
_c24 cm.
650 _aGEN
654 _aCDE
942 _cLIB
_dJUS
_fJUS
_2ddc
_n
999 _c4231
_d4231